Loading...
| Fine Arts - Other | 4 | 4 | 0 | 0 | 100 | 16 | 91.50 | 2 | 6 | 0.00 | 0.00 |
| Fine Arts - Painting and Sculpture | 1 | 7 | 0 | 1 | 85 | 66 | 105.13 | 1 | 5 | 0.00 | 0.00 |
| Literature - Long Fiction | 2 | 4 | 0 | 0 | 70 | 66 | 97.50 | 2 | 5 | 0.00 | 0.00 |
| History - European | 2 | 4 | 1 | 0 | 65 | 71 | 87.67 | 1 | 3 | 0.00 | 0.00 |
| Fine Arts - Classical Music | 2 | 4 | 1 | 1 | 65 | 60 | 97.17 | 0 | 5 | 0.00 | 0.00 |
| History - American | 3 | 2 | 0 | 0 | 65 | 48 | 85.80 | 2 | 3 | 0.00 | 0.00 |
| Geography | 2 | 3 | 0 | 0 | 60 | 61 | 85.40 | 3 | 4 | 0.00 | 0.00 |
| History - World | 2 | 4 | 2 | 0 | 60 | 26 | 78.33 | 1 | 6 | 0.00 | 0.00 |
| Social Science | 2 | 3 | 1 | 2 | 55 | 66 | 107.00 | 2 | 5 | 0.00 | 0.00 |
| Philosophy | 2 | 2 | 0 | 0 | 50 | 33 | 75.75 | 2 | 4 | 0.00 | 0.00 |
| Literature - Poetry | 1 | 2 | 0 | 0 | 35 | 35 | 83.33 | 1 | 2 | 0.00 | 0.00 |
| Religion | 1 | 2 | 0 | 0 | 35 | 46 | 84.00 | 1 | 3 | 0.00 | 0.00 |
| Short Fiction and Other | 0 | 3 | 0 | 1 | 30 | 86 | 119.67 | 0 | 1 | 0.00 | 0.00 |
| Mythology | 2 | 0 | 0 | 0 | 30 | 68 | 77.50 | 1 | 2 | 0.00 | 0.00 |
| Current Events | 1 | 1 | 0 | 0 | 25 | 35 | 54.50 | 1 | 2 | 0.00 | 0.00 |
| Other Academic | 0 | 3 | 2 | 1 | 20 | 98 | 113.67 | 0 | 3 | 0.00 | 0.00 |
| Science - Other | 0 | 2 | 0 | 0 | 20 | 96 | 96.50 | 1 | 2 | 0.00 | 0.00 |
| History - Other | 0 | 2 | 0 | 1 | 20 | 108 | 111.50 | 1 | 1 | 0.00 | 0.00 |
| Literature - Drama | 1 | 1 | 1 | 1 | 20 | 57 | 99.50 | 0 | 1 | 0.00 | 0.00 |
| Literature - Short Fiction | 1 | 0 | 0 | 0 | 15 | 55 | 55.00 | 0 | 0 | 0.00 | 0.00 |
| Science - Chemistry | 0 | 1 | 0 | 1 | 10 | 130 | 130.00 | 0 | 1 | 0.00 | 0.00 |